Molecular biology and biotechnology (Record no. 311942)
[ view plain ]
| 000 -LEADER | |
|---|---|
| fixed length control field | 00499 a2200193 4500 |
| 005 - DATE & TIME | |
| control field | 20240604143246.0 |
| 008 - FIXED-LENGTH DATA ELEMENTS--GENERAL INFORMATION | |
| fixed length control field | 240604b |||||||| |||| 00| 0 eng d |
| 020 ## - ISBN | |
| International Standard Book Number | 9781788017862 |
| Price | £ 59.99 |
| 040 ## - CATALOGING SOURCE | |
| Original cataloging agency | VIVEKANANDA LIBRARY |
| 082 ## - DDC NUMBER | |
| Classification number | 572 |
| Book Number | R181M(7) |
| 100 ## - MAIN ENTRY--PERSONAL NAME | |
| Personal name | Rapley, Ralph, ed. |
| 245 ## - TITLE STATEMENT | |
| Title | Molecular biology and biotechnology |
| 250 ## - EDITION STATEMENT | |
| Edition statement | 7th |
| 260 ## - PUBLICATION, DISTRIBUTION, ETC. (IMPRINT) | |
| Name of publisher, distributor, etc | Royal Society of Chemistry |
| Date of publication, distribution, etc | 2021 |
| Place of publication, distribution, etc | UK |
| 300 ## - PHYSICAL DESCRIPTION | |
| Pages | xvii, 529 |
| 650 ## - Subject | |
| Subject | Biochemistry |
| 650 ## - Subject | |
| Subject | Molecular Biology |
| 942 ## - ADDED ENTRY ELEMENTS (KOHA) | |
| Koha item type | Books |
| Withdrawn status | Lost status | Source of classification or shelving scheme | Damaged status | Not for loan | Location (home branch) | Sublocation or collection (holding branch) | Shelving location | Date acquired | Koha issues (times borrowed) | Koha full call number | Accession No. | Koha date last seen | Koha item type |
|---|---|---|---|---|---|---|---|---|---|---|---|---|---|
| Dewey Decimal Classification | VIVEKANANDA LIBRARY | VIVEKANANDA LIBRARY | Vivekananda Library | 22/02/2024 | 572 R181M(7) | 435327 | 22/02/2024 | Books | |||||
| Dewey Decimal Classification | VIVEKANANDA LIBRARY | VIVEKANANDA LIBRARY | Vivekananda Library | 07/01/2026 | 572 R181M(7) | 443950 | 07/01/2026 | Books |
